Trucks & off-road vehicles / (Record no. 113)

MARC details
000 -LEADER
fixed length control field 00986cam a22003137a 4500
005 - DATE AND TIME OF LATEST TRANSACTION
control field 20260322212007.0
008 - FIXED-LENGTH DATA ELEMENTS--GENERAL INFORMATION
fixed length control field data
010 ## - LIBRARY OF CONGRESS CONTROL NUMBER
LC control number 2007296078
020 ## - INTERNATIONAL STANDARD BOOK NUMBER
International Standard Book Number 0760323062
020 ## - INTERNATIONAL STANDARD BOOK NUMBER
International Standard Book Number 9780760323069
040 ## - CATALOGING SOURCE
Original cataloging agency EYB
Transcribing agency EYB
Modifying agency DLC
-- DLC
042 ## - AUTHENTICATION CODE
Authentication code lccopycat
050 00 - LIBRARY OF CONGRESS CALL NUMBER
Classification number TL230.5.F6
Item number T77 2005
082 04 - DEWEY DECIMAL CLASSIFICATION NUMBER
Classification number 629.22/3
Edition information 22
092 ## - LOCALLY ASSIGNED DEWEY CALL NUMBER (OCLC)
Classification number 629.22 T77 2005
001 - CONTROL NUMBER
control field data
245 00 - TITLE STATEMENT
Title Trucks & off-road vehicles /
Statement of responsibility, etc. edited by Richard Gunn & Amber Books (Firm).
246 3# - VARYING FORM OF TITLE
Title proper/short title Trucks and off road vehicles
260 ## - PUBLICATION, DISTRIBUTION, ETC.
Place of publication, distribution, etc. St. Paul, Minn. :
Name of publisher, distributor, etc. Motorbooks,
Date of publication, distribution, etc. 2005.
300 ## - PHYSICAL DESCRIPTION
Extent 192 p. :
Other physical details col. ill. ;
Dimensions 28 cm.
490 1# - SERIES STATEMENT
Series statement Full-view series
500 ## - GENERAL NOTE
General note Includes index.
650 #0 - SUBJECT ADDED ENTRY--TOPICAL TERM
Topical term or geographic name entry element Pickup trucks
Form subdivision Pictorial works.
650 #0 - SUBJECT ADDED ENTRY--TOPICAL TERM
Topical term or geographic name entry element Off-road vehicles
Form subdivision Pictorial works.
650 #0 - SUBJECT ADDED ENTRY--TOPICAL TERM
Topical term or geographic name entry element Sport utility vehicles
Form subdivision Pictorial works.
700 1# - ADDED ENTRY--PERSONAL NAME
Personal name Gunn, Richard.
710 2# - ADDED ENTRY--CORPORATE NAME
Corporate name or jurisdiction name as entry element Amber Books (Firm)
856 42 - ELECTRONIC LOCATION AND ACCESS
Materials specified Publisher description
Uniform Resource Identifier <a href="http://www.loc.gov/catdir/enhancements/fy0711/2007296078-d.html">http://www.loc.gov/catdir/enhancements/fy0711/2007296078-d.html</a>
Holdings
Withdrawn status Lost status Damaged status Not for loan Home library Current library Shelving location Date acquired Total checkouts Full call number Barcode Date last seen Price effective from Koha item type
        Centerville Centerville General stacks 22/03/2026   629.22/3 22 BC0010117 22/03/2026 22/03/2026 Books